000 00715nam a2200205Ii 4500
003 JO-AjNU
008 230605s9999||||xx |||||||||||||| ||und||
040 _aJO-AjNU
_bara
_erda
_cJO-AjNU
041 _aara
050 1 4 _aPJ7846.A755.A17 1981
100 3 _aتأليف المناصرة، عز الدين,
_eauthor
_948598
245 0 0 _aجفرا: لا تؤاخذينا إن نسينا أو أخطأنا
250 _aط1
264 3 1 _aفلسطين:الإتحاد العام للكتاب الفلسطينيين،1981
300 _a164ص
336 _atext
_btxt
_2rdacontent
337 _aunmediated
_bn
_2rdamedia
338 _avolume
_bnc
_2rdacarrier
650 4 _a الشعر العربي - فلسطين
_948599
999 _aA21294
_c24862
_d24862